[Event "JUG-ch"]
[Site "Kladovo"]
[Date "1992.??.??"]
[Round "5"]
[White "Ilincic, Zlatko"]
[Black "Vratonjic, Slobodan"]
[Result "1-0"]
[WhiteElo "2445"]
[BlackElo "2280"]

1.d4 Nf6 2.c4 e6 3.Nc3 Bb4 4.f3 d5 5.a3 Bxc3+ 6.bxc3 c5 7.e3 O-O 8.cxd5 exd5
9.Bd3 b6 10.Ne2 Ba6 11.O-O Re8 12.Ng3 Bxd3 13.Qxd3 Nc6 14.Bb2 Na5 15.Rae1 Nc4
16.Bc1 cxd4 17.cxd4 Rc8 18.e4 dxe4 19.fxe4 Ne5 20.Qd2 Ng6 21.e5 Rxc1 22.Rxc1 Nxe5
23.Rxf6 Qxf6 24.dxe5 Qxe5 25.Qc3 g6 26.Qxe5 Rxe5 27.Kf2 Ra5 28.Rc3 Ra4 29.Ke3 b5
30.Rb3 a5 31.Ne2 b4 32.axb4 axb4 33.Rb2 Kg7 34.Nc1 Ra3+ 35.Nd3 b3 36.Nc1 Ra1
37.Nxb3 Ra7 38.Nc5 h6 39.Rb7 Ra3+ 40.Nb3 Ra2 41.Kf3 Ra4 42.g3 Ra2 43.h4 Ra4
44.Nc5 Ra3+ 45.Kf4 Kg8 46.Rd7 Ra1 47.Ne4 Kg7 48.Nd6 Rf1+ 49.Kg4 h5+ 50.Kh3 Rf2
51.Ne4 Re2 52.Ng5 Rf2 53.Ra7 Kg8 54.Ra3 Rb2 55.Rf3 Rb7 56.Kg2 Kg7 57.Kf2 Ra7
58.Re3 Ra2+ 59.Kf3 Ra7 60.Kf4 Kf6 61.Re4 Ra1 62.Rd4 Ra7 63.Nf3 Kg7 64.Ne5 Ra1
65.Rd7 Rf1+ 66.Nf3 Ra1 67.Ng5 Rf1+ 68.Ke5 Kf8 69.Kd6 Rd1+ 70.Kc7 Rc1+ 71.Kd8 Rf1
72.Rd3 Ra1 73.Rf3 Ra7 74.Ne6+ Kg8 75.Nc5 Ra1 76.Ke7 Rc1 77.Nd3 Rc7+ 78.Kd8 Ra7
79.Ne5 Kg7 80.Nc6 Ra6 81.Kd7 Kf8 82.Kc7 Kg7 83.Kb7 Ra4 84.Nd8 f6 85.Ne6+ Kf7
86.Nf4 Kg7 87.Kb6 Ra1 88.Kc5 Rd1 89.Nd5 f5 90.Kd6 Rc1 91.Re3 Ra1 92.Nc7 Ra4
93.Re7+ Kh6 94.Ne6 Re4 95.Ng5  1-0

[Event "JUG-ch"]
[Site "Kladovo"]
[Date "1992.??.??"]
[Round "7"]
[White "Draskovic, Dragan"]
[Black "Maksimovic, Branimir"]
[Result "0-1"]
[WhiteElo "2255"]
[BlackElo "2325"]

1.d4 Nf6 2.c4 e6 3.Nc3 Bb4 4.f3 d5 5.a3 Bxc3+ 6.bxc3 c5 7.cxd5 exd5 8.e3 Bf5
9.Ne2 O-O 10.g4 Bg6 11.Nf4 Nc6 12.h4 h6 13.Nxg6 fxg6 14.Bd3 Qd6 15.Rh3 Qe6
16.Qe2 h5 17.Rg3 hxg4 18.fxg4 Ne4 19.Bxe4 Qxe4 20.Qg2 Qd3 21.Bd2 cxd4 22.Qxd5+ Kh8
23.O-O-O Rad8 24.Qb3 Rf1 25.Rg2 dxe3 26.Be1 Qe4 27.Rxd8+ Nxd8 28.Re2 Ne6
29.Qc2 Qe5 30.Qd1 Nf4 31.Kb2 Qb5+  0-1

[Event "ESP-ch"]
[Site "Madrid"]
[Date "1992.??.??"]
[Round "5"]
[White "Gomez Esteban, Juan Mario"]
[Black "Izeta Txabarri, Felix"]
[Result "1-0"]
[WhiteElo "2425"]
[BlackElo "2410"]

1.d4 Nf6 2.c4 e6 3.Nc3 Bb4 4.f3 d5 5.a3 Be7 6.e4 O-O 7.e5 Ne8 8.f4 c5 9.dxc5 Bxc5
10.Nf3 Nc7 11.Bd3 h6 12.b4 dxc4 13.Bxc4 Qxd1+ 14.Kxd1 Be7 15.Be3 Nd7 16.Ke2 Nb6
17.Bb3 Bd7 18.Bc5 Rfe8 19.Nd4 Bc6 20.Nxc6 bxc6 21.Ne4 Bxc5 22.bxc5 Nbd5 23.g3 Reb8
24.Rhb1 f5 25.exf6 gxf6 26.Kd3 Kg7 27.Bc4 Kf7 28.Nd6+ Ke7 29.Nb7 h5 30.Nd6 Ne8
31.Bxd5 cxd5 32.Nxe8 Kxe8 33.Kd4 f5 34.c6 Kd8 35.Ke5 Ke7 36.Rb7+ Rxb7 37.cxb7 Rb8
38.Rb1 Kd7 39.Rb2 Kc6 40.Kxe6 d4 41.Ke5 d3 42.Rd2 Rxb7 43.Rxd3 Rb5+ 44.Kf6 a5
45.a4 Rb4 46.Ra3  1-0

[Event "Madrid-B"]
[Site "Madrid"]
[Date "1992.??.??"]
[Round "9"]
[White "Gallego, Victoriano"]
[Black "Izeta Txabarri, Felix"]
[Result "1-0"]
[WhiteElo "2420"]
[BlackElo "2445"]

1.d4 Nf6 2.c4 e6 3.Nc3 Bb4 4.f3 c5 5.d5 Nh5 6.Nh3 d6 7.g4 Nf6 8.Bg2 Bxc3+
9.bxc3 e5 10.O-O Qa5 11.Qb3 O-O 12.Nf2 Nbd7 13.Bg5 Kh8 14.e3 Ng8 15.Ne4 Qc7
16.f4 f6 17.Bh4 Nh6 18.h3 exf4 19.exf4 Nb6 20.a4 Bd7 21.f5 Rae8 22.Ng3 Nf7
23.a5 Nc8 24.Nh5 Ne5 25.Ra2 b6 26.a6 b5 27.cxb5 c4 28.Qd1 Nd3 29.Bf2 Bxb5
30.Bd4 Rf7 31.Qd2 Ne7 32.g5 Ng8 33.Nf4 Nxf4 34.Qxf4 fxg5 35.Qxg5 Nf6 36.h4 Ref8
37.Rb1 Qd7 38.Ra5 Ba4 39.Rb7 Qe8 40.Qg3 Bc2 41.Rxa7 Rxa7 42.Bxa7 Bxf5 43.Bd4 Bc8
44.Ra1 Qd7 45.a7 Bb7 46.Rf1 Qd8 47.Qg5 Qe7 48.h5 h6 49.Qg6 Kg8 50.Bxf6 Rxf6
51.Rxf6 Qxf6 52.Qxf6 gxf6 53.Bf1 Kf7 54.Bxc4 Ke7 55.Kf2 Kd8 56.Ke3 Kc7 57.Kf4 Kb6
58.Kf5 Kxa7 59.Kxf6 Kb6 60.Kg6 Kc5 61.Bb3  1-0

[Event "Balkaniad"]
[Site "Mangalia"]
[Date "1992.??.??"]
[Round "2"]
[White "Erdogan, Hakan"]
[Black "Kurtenkov, Atanas"]
[Result "1-0"]
[WhiteElo "2325"]
[BlackElo "2385"]

1.d4 Nf6 2.c4 e6 3.Nc3 Bb4 4.f3 c5 5.a3 Bxc3+ 6.bxc3 Nc6 7.d5 Na5 8.e4 d6
9.Bd3 e5 10.Ne2 b6 11.Ng3 Ba6 12.O-O Qd7 13.f4 Ng8 14.fxe5 dxe5 15.Qh5 Bxc4
16.Qxe5+ Kf8 17.Bxc4 Nxc4 18.Qh5 Re8 19.a4 Nf6 20.Rxf6 gxf6 21.Bh6+ Ke7 22.Bg7 Rhg8
23.Qxh7 Kd8 24.Nf5 Kc7 25.Nh6 Rxg7 26.Qxg7 Rxe4 27.Qxf6 Qxd5 28.Rf1 Ne5 29.Nxf7 Nd7
30.Qf3 Qc4 31.Qg3+  1-0

[Event "Manila ol (Women)"]
[Site "Manila"]
[Date "1992.??.??"]
[Round "?"]
[White "Danielian, Elina"]
[Black "Borisova, Borislava"]
[Result "1-0"]
[WhiteElo "2025"]
[BlackElo "2150"]

1.d4 Nf6 2.c4 e6 3.Nc3 Bb4 4.f3 Nh5 5.Nh3 c5 6.a3 cxd4 7.Qxd4 Nc6 8.Qd3 Ne5
9.Qc2 Qa5 10.e4 Bxc3+ 11.Qxc3 Qxc3+ 12.bxc3 f5 13.exf5 exf5 14.Be3 O-O 15.c5 f4
16.Bd4 Re8 17.O-O-O d6 18.Bb5 Bxh3 19.Bxe8 Rxe8 20.gxh3 dxc5 21.Bxe5 Rxe5
22.Rhe1 Rf5 23.Re7 h6 24.Rxb7 Nf6 25.Rxa7 Nd5 26.a4 Nxc3 27.Rd8+ Kh7 28.a5 Ne2+
29.Kb2 Nd4 30.Raa8 Nxf3 31.a6 Nd4 32.a7 f3 33.Rh8+ Kg6 34.Rxh6+ Kg5 35.Rh5+ Kf4
36.Rxf5+ Nxf5 37.Rd8 f2 38.Rd1 Ne3 39.Rc1 Kf3 40.a8=Q+ Ke2 41.Qe4 Kd2 42.Qf3  1-0

[Event "Manila ol (Men)"]
[Site "Manila"]
[Date "1992.??.??"]
[Round "?"]
[White "Marin, Mihail"]
[Black "Barle, Janez"]
[Result "1-0"]
[WhiteElo "2525"]
[BlackElo "2430"]

1.d4 Nf6 2.c4 e6 3.Nc3 Bb4 4.f3 Nc6 5.e4 d5 6.cxd5 exd5 7.e5 Ng8 8.a3 Ba5
9.f4 Nge7 10.Be3 O-O 11.Nf3 Bg4 12.Be2 Nf5 13.Bf2 Bxf3 14.Bxf3 Nh4 15.b4 Nxf3+
16.Qxf3 Bb6 17.Rd1 Ne7 18.f5 f6 19.e6 a5 20.b5 a4 21.O-O Qd6 22.Bg3 Qd8 23.Bf2 Qd6
24.Bg3 Qd8 25.Rd3 c6 26.bxc6 bxc6 27.Be1 Ra7 28.Ne2 Bc7 29.Qh3 Bd6 30.Qh4 g6
31.g4 g5 32.Qh6 Kh8 33.h4 Ng8 34.Qh5 Rg7 35.Bd2 gxh4 36.Qxh4 Qb6 37.Nf4 Ne7
38.Ng2 Qb5 39.Rdf3 Qb2 40.Be3 Ng8 41.Kh1 Rb8 42.Bf4 Bc7 43.Bxc7 Rxc7 44.g5 Rg7
45.R3f2 Qxa3 46.gxf6 Rg3 47.Nf4  1-0

[Event "Manila ol (Men)"]
[Site "Manila"]
[Date "1992.??.??"]
[Round "?"]
[White "Marin, Mihail"]
[Black "Lobron, Eric"]
[Result "1/2-1/2"]
[WhiteElo "2525"]
[BlackElo "2575"]

1.d4 Nf6 2.c4 e6 3.Nc3 Bb4 4.f3 d5 5.a3 Bxc3+ 6.bxc3 c5 7.cxd5 Nxd5 8.Qd3 O-O
9.e4 Ne7 10.Be3 Nbc6 11.Be2 Qa5 12.Kf2 Rd8 13.Qc4 cxd4 14.cxd4 Qh5 15.h4 f5
16.Rd1 Qf7 17.Nh3 h6 18.Nf4 fxe4 19.fxe4 Bd7 20.Kg3 Nc8 21.d5 exd5 22.Qxd5 Qxd5
23.Nxd5 N8e7 24.Nc7 Rac8 25.Bc4+ Kh7 26.Ne6 Bxe6 27.Bxe6 Rxd1 28.Rxd1 Rd8
29.Rxd8 Nxd8 30.Bd7 Ndc6 31.h5 g6 32.hxg6+ Kxg6 33.Be8+ Kg7 34.Kh4 a6 35.Kh5 Ng8
36.Bxc6 Nf6+ 37.Kh4 bxc6 38.Bd4 Kg6 39.e5 Nd5 40.g4 Nf4 41.Bb6 Nd3 42.e6 Nf4
43.e7 Kf7 44.Bc5 Nd5 45.Kh5 Nf6+ 46.Kxh6 Nxg4+ 47.Kg5 Nf6 48.Kf4 Nd7 49.Bd6 Nb6  1/2-1/2

[Event "Manila ol (Men)"]
[Site "Manila"]
[Date "1992.??.??"]
[Round "?"]
[White "Shabalov, Alexander"]
[Black "Kolev, Atanas"]
[Result "1-0"]
[WhiteElo "2535"]
[BlackElo "2445"]

1.d4 Nf6 2.c4 e6 3.Nc3 Bb4 4.f3 Nc6 5.e4 O-O 6.Ne2 b6 7.a3 Be7 8.Ng3 d6 9.Be3 Nd7
10.d5 Nce5 11.Be2 Ng6 12.f4 e5 13.f5 Nf4 14.Bf3 Nc5 15.b4 Ncd3+ 16.Kd2 Bd7
17.Nf1 c6 18.dxc6 Bxc6 19.g3 b5 20.gxf4 Nb2 21.Qb3 Nxc4+ 22.Ke2 a5 23.bxa5 exf4
24.Bxf4 Bf6 25.Ne3 Re8 26.Rad1 Qxa5 27.Ncd5 Be5 28.Bxe5 Rxe5 29.Kf2 Qd8 30.Nxc4 bxc4
31.Qe3 Qh4+ 32.Kg2 g6 33.Rhg1 Rae8 34.Qf2 Qd8 35.Kh1 Rxe4 36.fxg6 hxg6 37.Bg2 Bxd5
38.Rxd5 R4e5 39.Rf1 f5 40.Qd4 Re1 41.Rxd6 Qg5 42.Qxc4+ Kh7 43.Rd7+ Kh6 44.Qc3 Rxf1+
45.Bxf1 Qf4 46.Qh3+ Kg5 47.Qg3+ Qxg3 48.hxg3 Re3 49.Rd3 Re1 50.Kg2 Ra1 51.Rc3 f4
52.Rc5+ Kf6 53.Ra5 g5 54.g4 Ra2+ 55.Kf3 Rc2 56.Rf5+ Kg6 57.a4  1-0

[Event "Capablanca mem-B"]
[Site "Matanzas"]
[Date "1992.??.??"]
[Round "10"]
[White "Arencibia, Walter"]
[Black "Adla, Diego"]
[Result "1/2-1/2"]
[WhiteElo "2535"]
[BlackElo "2435"]

1.d4 Nf6 2.c4 e6 3.Nc3 Bb4 4.f3 d5 5.a3 Bxc3+ 6.bxc3 c5 7.cxd5 Nxd5 8.Qd3 O-O
9.e4 Ne7 10.Be3 Qa5 11.Kf2 b6 12.dxc5 Ba6 13.Qd6 Bxf1 14.Qxe7 Nc6 15.Qd6 Bb5
16.cxb6 Qxc3 17.Nh3 axb6 18.Bxb6 Rfd8 19.Bxd8 Rxd8 20.Qc7 h5 21.Ra2 h4 22.Qf4 Bc4
23.Rha1 Bxa2 24.Rxa2 Rd1 25.Re2 Ne5 26.Qxh4 Ng6 27.Qg5 Qxa3 28.Rc2 Qa7+ 29.Ke2 Qd7
30.Nf2 Rb1 31.Rd2 Qb5+ 32.Qxb5 Nf4+ 33.Ke3 Nxg2+  1/2-1/2

[Event "Melitopol Cup (Women)"]
[Site "Melitopol"]
[Date "1992.??.??"]
[Round "2"]
[White "Prudnikova, Svetlana"]
[Black "Aseeva, Marina"]
[Result "1/2-1/2"]
[WhiteElo "2335"]
[BlackElo "2090"]

1.d4 Nf6 2.c4 e6 3.Nc3 Bb4 4.f3 c5 5.d5 b5 6.e4 bxc4 7.Bxc4 Nxd5 8.Bxd5 exd5
9.Qxd5 Nc6 10.Ne2 Ba6 11.Kf2 O-O 12.Be3 Re8 13.Rhd1 Ne5 14.Bxc5 Bxc5+ 15.Qxc5 Nd3+
16.Rxd3 Bxd3 17.Rd1 Bxe2 18.Nxe2 Qb8 19.Rxd7 Qxh2 20.Rxa7 Rac8 21.Qd5 Qh4+
22.g3 Qf6 23.Qd4 Qxd4+ 24.Nxd4 g6 25.Rd7 Ra8 26.a3 Reb8 27.b4 Rxa3 28.Nc6 Rb6
29.Ne7+ Kg7 30.Nd5 Rc6 31.g4 Rc2+ 32.Kg3 g5 33.Rd6 Ra1 34.Ne3 Rg1+ 35.Kh3 Rh1+
36.Kg3  1/2-1/2

[Event "Mesa op"]
[Site "Mesa"]
[Date "1992.??.??"]
[Round "?"]
[White "Moskalenko, Viktor"]
[Black "Urday, Henry"]
[Result "1-0"]
[WhiteElo "2505"]
[BlackElo "2480"]

1.d4 Nf6 2.c4 e6 3.Nc3 Bb4 4.f3 d5 5.a3 Bxc3+ 6.bxc3 c5 7.cxd5 Nxd5 8.dxc5 Qa5
9.e4 Ne7 10.Be3 O-O 11.Qb3 Qc7 12.a4 Nec6 13.f4 Na5 14.Qa3 Nd7 15.Nf3 e5
16.fxe5 Nxe5 17.Bd4 Ng6 18.Be2 Be6 19.O-O f6 20.Rfe1 Rae8 21.Bf2 a6 22.Bg3 Ne5
23.Nxe5 fxe5 24.Rad1 Nb3 25.c6 Qxc6 26.Bxe5 Rd8 27.Qe7 Qc5+ 28.Qxc5 Nxc5
29.Bd6 Nxa4 30.Bxf8 Rxf8 31.Rd6 Nc5 32.e5 Kf7 33.Bf3 Ke7 34.Rb1 b5 35.Rbd1 Rf5
36.Re1 Rxe5 37.Red1 g6 38.Rc6 Bd7 39.Rc7 Kd8 40.Ra7 Kc8 41.Ra8+ Kc7 42.Ra7+ Kc8
43.Kf2 h5 44.h4 Bf5 45.Rd6 Re6 46.Rxe6 Bxe6 47.Ke3 Kb8 48.Re7 a5 49.Kd4 Nb3+
50.Ke5 Bc8 51.Kd6 a4 52.Re5 Ba6 53.Re8+ Ka7 54.Kc7  1-0

[Event "Mesa op"]
[Site "Mesa"]
[Date "1992.??.??"]
[Round "?"]
[White "Moskalenko, Viktor"]
[Black "Vaisser, Anatoli"]
[Result "1-0"]
[WhiteElo "2505"]
[BlackElo "2580"]

1.d4 e6 2.c4 Nf6 3.Nc3 Bb4 4.f3 d5 5.a3 Bxc3+ 6.bxc3 c5 7.cxd5 Nxd5 8.dxc5 Qa5
9.e4 Nf6 10.Be3 O-O 11.Qb3 Nfd7 12.a4 Qc7 13.Qa3 b6 14.cxb6 axb6 15.Ne2 Ba6
16.Kf2 Rc8 17.Nd4 Bxf1 18.Rhxf1 Nc5 19.Kg1 Rxa4 20.Qb2 Nd3 21.Qc2 Rxa1 22.Rxa1 Ne5
23.Nb5 Qd7 24.Na7 Re8 25.Bxb6 Nc4 26.Bf2 Rd8 27.Qe2 Qd3 28.Qxd3 Rxd3 29.Nb5 h6
30.h3 Nc6 31.Bg3 Rd2 32.Bf4 Rb2 33.Ra8+ Kh7 34.Rc8 N6e5 35.Bxe5 Nxe5 36.Nd6 Nd3
37.Nxf7 Nf4 38.Rh8+ Kg6 39.Ne5+ Kf6 40.Ng4+ Kg5 41.g3 Rg2+ 42.Kf1 Rxg3 43.Kf2 Rg2+
44.Ke3 Re2+ 45.Kd4 Rd2+ 46.Kc5 Rd3 47.c4 Rxf3 48.Ne5 Rxh3 49.Kd6 Ng6 50.Nxg6 Kxg6
51.c5 Kf7 52.c6 Rd3+ 53.Ke5 Rc3 54.Kd6 Rd3+ 55.Kc5 Rc3+ 56.Kb5 Rb3+ 57.Ka5 Rc3
58.Kb6 Rb3+ 59.Ka6 Rc3 60.Kb7 Rb3+ 61.Kc8 g5 62.c7 Ke7 63.e5 g4 64.Rxh6 g3
65.Rh7+ Ke8 66.Rg7 Kf8 67.Kd8 Kxg7 68.c8=Q g2 69.Qd7+ Kg6 70.Qxe6+ Kh5 71.Qf5+ Kh4
72.Qf7 Kg3 73.Qxb3+ Kh2 74.Qc2  1-0

[Event "Moscow VDFSO"]
[Site "Moscow"]
[Date "1992.??.??"]
[Round "?"]
[White "Sokolovs, Andrei"]
[Black "Gorbatow, Alexej"]
[Result "1/2-1/2"]
[WhiteElo "2435"]
[BlackElo "2380"]

1.d4 Nf6 2.c4 e6 3.Nc3 Bb4 4.f3 c5 5.d5 exd5 6.cxd5 d6 7.e4 O-O 8.Bg5 Re8
9.Qd2 a6 10.Nge2 Nbd7 11.Ng3 h6 12.Be3 Ne5 13.Be2 b5 14.O-O Ba5 15.Kh1 Rb8
16.Bg1 c4 17.f4 Ng6 18.Bf3 b4 19.Nce2 Bd7 20.Nd4 c3 21.bxc3 bxc3 22.Qc1 Qc7
23.Nb3 Bb6 24.Bxb6 Rxb6 25.Rf2 Rc8 26.Rc2 Rb4 27.Qe3 Ba4 28.Rac1 Bxb3 29.Rxc3 Rc4
30.Rxc4 Bxc4 31.Be2 Qa5 32.Rxc4 Re8 33.f5 Nf8 34.Qc1 Qxa2 35.Rc2 Qa5 36.Bf1 Nxe4
37.Nxe4 Rxe4 38.Rc8 Re1 39.Qf4 Qd2 40.Qf3 Qxd5 41.Qf2 Qd2 42.Kg1 Qxf2+ 43.Kxf2 Re5
44.g4 a5 45.Rd8 h5 46.h3 h4 47.Rxd6 g6 48.Bd3 Kg7 49.Kf3 g5 50.f6+ Kg8 51.Ra6 Re6
52.Rxa5 Rxf6+ 53.Ke3 Ne6 54.Bc4 Kg7 55.Bxe6 Rxe6+ 56.Kf2 Kf6 57.Rf5+ Kg6
58.Ra5 Rb6 59.Kg2 Rb2+ 60.Kg1 Re2 61.Rb5 Re7 62.Ra5 f6 63.Ra6 Kf7 64.Rb6  1/2-1/2

[Event "Alekhine op"]
[Site "Moscow"]
[Date "1992.??.??"]
[Round "?"]
[White "Sakaev, Konstantin"]
[Black "Savon, Vladimir A"]
[Result "1-0"]
[WhiteElo "2540"]
[BlackElo "2420"]

1.d4 Nf6 2.c4 e6 3.Nc3 Bb4 4.f3 c5 5.d5 d6 6.e4 Bxc3+ 7.bxc3 e5 8.Bd3 Nh5
9.g3 Qf6 10.Bd2 g6 11.Qe2 Kd8 12.O-O-O Re8 13.Rf1 Qg7 14.f4 exf4 15.gxf4 f5
16.e5 Nd7 17.Nf3 b5 18.cxb5 a6 19.bxa6 dxe5 20.fxe5 Nxe5 21.Re1 Nxd3+ 22.Qxd3 Bxa6
23.Rxe8+ Kxe8 24.Re1+ Kf8 25.Qe3 Kg8 26.Qxc5 Bd3 27.Re7 Qf6 28.d6 Be4 29.Ng5 Ng7
30.Nxe4  1-0

[Event "Moscow rapid"]
[Site "Moscow"]
[Date "1992.??.??"]
[Round "?"]
[White "Malaniuk, Vladimir P"]
[Black "Vladimirov, Evgeny"]
[Result "0-1"]
[WhiteElo "2540"]
[BlackElo "2585"]

1.d4 Nf6 2.c4 e6 3.Nc3 Bb4 4.f3 c5 5.d5 Bxc3+ 6.bxc3 d6 7.e4 e5 8.Bd3 Nbd7
9.Ne2 Nf8 10.h4 h5 11.Bg5 N8h7 12.Bd2 Qa5 13.a4 Bd7 14.Nc1 Qc7 15.Nb3 g6
16.a5 O-O-O 17.Qe2 Ng8 18.Kd1 f5 19.Be3 Ngf6 20.Nd2 Rde8 21.Kc2 fxe4 22.Nxe4 Nxe4
23.fxe4 Rhf8 24.Bh6 Bg4 25.Qd2 Rf7 26.a6 b6 27.Rhf1 Ree7 28.Kb2 Rxf1 29.Rxf1 Rf7
30.Qe1 Qe7 31.Bc2 Bd7 32.Rf3 Kd8 33.Bd1 Ke8 34.Qg3  0-1

[Event "Muenster"]
[Site "Muenster"]
[Date "1992.??.??"]
[Round "1"]
[White "Hoffmann, Michael"]
[Black "Libeau, Rene"]
[Result "1/2-1/2"]
[WhiteElo "2425"]
[BlackElo "2420"]

1.d4 Nf6 2.c4 e6 3.Nc3 Bb4 4.f3 d5 5.a3 Bxc3+ 6.bxc3 c5 7.cxd5 Nxd5 8.dxc5 f5
9.e4 fxe4 10.Qc2 e3 11.Bd3 Nd7 12.Ne2 Nxc5 13.O-O Nf6 14.Bc4 O-O 15.Bxe3 Qc7
16.Bf4 Qa5 17.Qb2 Nd5 18.Bxd5 Nd3 19.Qb3 Qxd5 20.Qxd5 exd5  1/2-1/2

[Event "Munich op9192"]
[Site "Munich"]
[Date "1992.??.??"]
[Round "4"]
[White "Yakovich, Yuri"]
[Black "Kishnev, Sergey"]
[Result "1/2-1/2"]
[WhiteElo "2560"]
[BlackElo "2540"]

1.d4 Nf6 2.c4 e6 3.Nc3 Bb4 4.f3 d5 5.a3 Bxc3+ 6.bxc3 c5 7.cxd5 Nxd5 8.Qd3 O-O
9.e4 Nf6 10.Nh3 cxd4 11.cxd4 Nc6 12.Bb2 Qe7 13.Nf2 Rd8 14.Be2 Nh5 15.Qe3 Qc7
16.O-O Qf4 17.Qd3 Qh4 18.g3 Nxg3 19.hxg3 Qxg3+ 20.Kh1 Qh4+ 21.Kg2 Qg5+ 22.Kh2 Qh4+
23.Kg2 Qg5+ 24.Kh2  1/2-1/2

[Event "Munich op9192"]
[Site "Munich"]
[Date "1992.??.??"]
[Round "8"]
[White "Bandza, Algirdas"]
[Black "Mueller, W."]
[Result "1/2-1/2"]
[WhiteElo "2400"]
[BlackElo "2285"]

1.d4 Nf6 2.c4 e6 3.Nc3 Bb4 4.f3 c5 5.d5 b5 6.e4 bxc4 7.Bxc4 Nxd5 8.Bxd5 exd5
9.Qxd5 Nc6 10.Ne2 Ba6 11.Kf2 O-O 12.Rd1 Qb6 13.Be3 Rad8 14.Nf4 d6 15.Qg5 Bxc3
16.bxc3 Qb2+ 17.Bd2 Ne5 18.Kg1 Bc4 19.Be1 f6 20.Qg3 Qb7 21.Qh3 Qe7 22.Rd2 g5
23.Nd5 Bxd5 24.Rxd5 Kg7 25.Rad1 h6 26.Qg3 f5 27.exf5 Rxf5 28.c4 Rf4 29.Bc3 Rf5
30.Bxe5+ Rxe5 31.Rxe5 dxe5 32.Rxd8 Qxd8 33.Qxe5+ Kg6 34.Qe4+ Kg7 35.Qd5 Qb6
36.Qd7+ Kg6 37.Qd3+ Kf6 38.h3 Qe6 39.Kf2 Qe5 40.a3 Qb2+ 41.Kf1 Qa1+ 42.Ke2 Qb2+
43.Kf1 Qa1+ 44.Kf2 Qb2+ 45.Kg1 Qa1+  1/2-1/2

[Event "New York Marshall CC"]
[Site "New York"]
[Date "1992.??.??"]
[Round "5"]
[White "Shabalov, Alexander"]
[Black "Vulicevic, Nenad"]
[Result "1/2-1/2"]
[WhiteElo "2525"]
[BlackElo "2320"]

1.d4 Nf6 2.c4 e6 3.Nc3 Bb4 4.f3 c5 5.d5 d6 6.e4 O-O 7.Ne2 b5 8.Ng3 bxc4 9.Bxc4 Qa5
10.Bd2 Ba6 11.Be2 exd5 12.a3 Bxc3 13.Bxc3 Qd8 14.exd5 Re8 15.O-O Bxe2 16.Nxe2 Nbd7
17.Nf4 Qb6 18.Qa4 Re7 19.Rad1 Rae8 20.Nh3 h6 21.Nf2 Ne5 22.h3 Kf8 23.Qc2 Kg8
24.Qf5 Qb7 25.f4 Ned7 26.Ng4 Nxg4 27.hxg4 Nf8 28.Qh5 Qd7 29.Rd3 Re3 30.Rf3 Rxd3
31.Rxd3 Ng6 32.Rf3 Re4 33.g3 Qe8 34.g5 hxg5 35.Qxg5 Re3 36.Rf2 f6 37.Qg4 Qe4
38.Kh2 Kf7 39.Qh5 Kg8 40.Qg4 Kf7 41.Qh5 Kg8  1/2-1/2

[Event "Nova Gorica (Women)"]
[Site "Nova Gorica"]
[Date "1992.??.??"]
[Round "?"]
[White "Krmelj, Natasa"]
[Black "Baginskaite, Kamile"]
[Result "0-1"]
[WhiteElo "2130"]
[BlackElo "2280"]

1.d4 Nf6 2.c4 e6 3.Nc3 Bb4 4.f3 d5 5.a3 Be7 6.e4 c5 7.dxc5 d4 8.Nb5 e5 9.b4 O-O
10.Bd3 Nc6 11.Ne2 Be6 12.f4 a6 13.Nd6 b6 14.fxe5 Nxe5 15.Nxd4 bxc5 16.bxc5 Qa5+
17.Ke2 Qxc5 18.Nxe6 fxe6 19.Nb7 Qc7 20.Qb3 Rfb8 21.Rb1 Ra7 22.Bf4 Rbxb7 23.Qc3 Nfd7
24.c5 Qxc5 25.Bxe5 Nxe5 26.Qd2 Rxb1 27.Rxb1 Rd7 28.Rb8+ Bf8 29.Qa2 Rxd3 30.Qxe6+ Kh8  0-1

[Event "Oviedo rapid45"]
[Site "Oviedo"]
[Date "1992.??.??"]
[Round "5"]
[White "Sakaev, Konstantin"]
[Black "Giffard, Nicolas"]
[Result "1-0"]
[WhiteElo "2500"]
[BlackElo "2340"]

1.d4 Nf6 2.c4 e6 3.Nc3 Bb4 4.f3 d5 5.a3 Bxc3+ 6.bxc3 c5 7.cxd5 exd5 8.e3 O-O
9.Bd3 b6 10.Ne2 Ba6 11.O-O Bxd3 12.Qxd3 Re8 13.Ng3 Nc6 14.Ra2 cxd4 15.cxd4 Qd7
16.Re2 Red8 17.Bb2 Ne8 18.Rd1 Ne7 19.e4 Rac8 20.e5 f5 21.e6 Qa4 22.Rde1 Qc4
23.Qe3 Nd6 24.Qg5 Qc7 25.Nh5 Ne8 26.Bc1 h6 27.Qh4 Qxc1 28.Rxc1 Rxc1+ 29.Re1 Rc7
30.Qg3 Rc6 31.h4 Kh7 32.Qe5 Rdd6 33.Nf4 Nf6 34.h5 Rd8 35.Ng6 Nfg8 36.Qf4 Rc4
37.Nh4 Rf8 38.Re5 Rf6 39.Nxf5 Nc6 40.Rxd5 Nge7 41.Qg4 Nxf5 42.Rxf5 Rxd4 43.Qxd4 Nxd4
44.Rxf6  1-0

[Event "Paris-ch"]
[Site "Paris"]
[Date "1992.??.??"]
[Round "2"]
[White "Touzane, Olivier"]
[Black "Wells, Peter K"]
[Result "1/2-1/2"]
[WhiteElo "2280"]
[BlackElo "2470"]

1.d4 Nf6 2.c4 e6 3.Nc3 Bb4 4.f3 d5 5.a3 Bxc3+ 6.bxc3 c5 7.cxd5 Nxd5 8.Qd3 b6
9.e4 Ba6 10.Qc2 Bxf1 11.Kxf1 Ne7 12.Be3 cxd4 13.cxd4 Nbc6 14.Ne2 Rc8 15.Qd3 O-O
16.Rc1 f5 17.Nf4 Qd7 18.Ke2 fxe4 19.Qxe4 Nd5 20.Nxd5 exd5 21.Qg4 Qxg4 22.fxg4 Na5
23.Rxc8 Rxc8 24.Rc1 Nc4 25.Bf4 Re8+ 26.Kd3 Rf8 27.Bg3 Rf6 28.g5 Re6 29.Bf4 b5
30.Kc3 a5 31.Kd3 Kf7 32.h4 Rb6 33.h5 b4 34.axb4 axb4 35.Rf1 Ke7 36.Bc1 b3
37.Re1+ Kd7 38.Rf1 b2 39.Bxb2 Nxb2+ 40.Kc2 Ke6 41.h6 Rb8 42.hxg7 Rg8 43.Rf6+ Ke7
44.Kxb2 Rxg7 45.Rf5 Ke6 46.Re5+  1/2-1/2

[Event "Paris-ch"]
[Site "Paris"]
[Date "1992.??.??"]
[Round "3"]
[White "Touzane, Olivier"]
[Black "Pira, Davoud"]
[Result "1/2-1/2"]
[WhiteElo "2280"]
[BlackElo "2335"]

1.d4 Nf6 2.c4 e6 3.Nc3 Bb4 4.f3 d5 5.a3 Bxc3+ 6.bxc3 c5 7.cxd5 Nxd5 8.Qd3 cxd4
9.cxd4 Nc6 10.e4 Nb6 11.Be3 O-O 12.Nh3 f5 13.Rd1 Kh8 14.Be2 Bd7 15.O-O Rc8
16.d5 exd5 17.exd5 Ne5 18.Qd4 Nec4 19.Bg5 Qe8 20.Rfe1 Qf7 21.Bf1 Rfe8 22.Nf4 Nxa3
23.Rxe8+ Rxe8 24.Qc5 Nac4 25.Bxc4 Rc8 26.Qd4 Rxc4 27.Qe5 Rc8 28.h4 Nc4 29.Qd4 Qe8  1/2-1/2

[Event "Paris-ch"]
[Site "Paris"]
[Date "1992.??.??"]
[Round "7"]
[White "Moskalenko, Viktor"]
[Black "Conquest, Stuart"]
[Result "1-0"]
[WhiteElo "2505"]
[BlackElo "2485"]

1.d4 Nf6 2.c4 e6 3.Nc3 Bb4 4.f3 Nc6 5.e4 e5 6.d5 Nd4 7.a3 Be7 8.Bd3 Nh5 9.Nge2 c5
10.Nxd4 cxd4 11.g3 g6 12.Ne2 d6 13.h4 f5 14.exf5 Bxf5 15.Bh6 Bf8 16.Bg5 Be7
17.g4 Bxd3 18.Qxd3 Ng7 19.Ng3 Bxg5 20.hxg5 Qxg5 21.Ne4 Qd8 22.Ke2 h5 23.c5 dxc5
24.Qb5+ Kf8 25.Qxc5+ Kg8 26.d6 Qb6 27.Qd5+ Kf8 28.b4 Qc6 29.Qxe5 Re8 30.Qxd4 Kf7
31.Rac1  1-0

[Event "World op"]
[Site "Philadelphia"]
[Date "1992.??.??"]
[Round "4"]
[White "Shabalov, Alexander"]
[Black "Ivanov, Alexander"]
[Result "1-0"]
[WhiteElo "2535"]
[BlackElo "2555"]

1.d4 Nf6 2.c4 e6 3.Nc3 Bb4 4.f3 c5 5.d5 Bxc3+ 6.bxc3 Qa5 7.Bd2 d6 8.e4 Nbd7
9.Nh3 Nb6 10.Nf2 Qa4 11.Qb3 Bd7 12.Bd3 O-O 13.O-O Rfc8 14.Nd1 Qa6 15.Qb1 Ba4
16.Ne3 Nbd7 17.f4 Re8 18.g4 exd5 19.exd5 Rxe3 20.Bxe3 Nxg4 21.Bd2 Nf8 22.Qe1 Nf6
23.Qg3 b5 24.Rae1 bxc4 25.Bb1 Kh8 26.Re7 Be8 27.f5 Nxd5 28.f6 gxf6 29.Qf3 Bc6
30.Rxf7  1-0

[Event "World op"]
[Site "Philadelphia"]
[Date "1992.??.??"]
[Round "5"]
[White "Shabalov, Alexander"]
[Black "Kaidanov, Grigory S"]
[Result "0-1"]
[WhiteElo "2535"]
[BlackElo "2550"]

1.d4 Nf6 2.c4 e6 3.Nc3 Bb4 4.f3 d5 5.a3 Bd6 6.Bg5 h6 7.Bh4 Be7 8.e3 O-O 9.Bd3 c5
10.Nge2 cxd4 11.exd4 dxc4 12.Bxc4 Nc6 13.O-O b6 14.Qd3 Bb7 15.Rad1 Nd5 16.Bf2 Bf6
17.Nxd5 exd5 18.Ba2 g6 19.Rfe1 Re8 20.g4 Rc8 21.Kg2 Na5 22.Nf4 Nc4 23.Rxe8+ Qxe8
24.Re1 Qd7 25.Re2 Bg5 26.Bg3 Re8 27.h4 Rxe2+ 28.Nxe2 Bf6 29.h5 g5 30.Bb1 Kf8
31.Bf2 Qb5 32.Bc2 Qxb2 33.Qh7 Bg7 34.Qf5 Qxa3 35.Bd3 Qe7 36.Kh3 Nd6 37.Qh7 Bc8
38.Ng3 a5 39.Bc2 b5 40.Qd3 Nc4 41.Qb3 b4 42.Qa2 Qc7 43.Ba4 Qf4 44.Qe2 Be6
45.Nf5 Qd2 46.Qf1 Bxf5 47.gxf5 Bxd4  0-1

[Event "RUS-chT"]
[Site "Podolsk"]
[Date "1992.??.??"]
[Round "?"]
[White "Meister, Yakov"]
[Black "Kharitonov, Andrei Y"]
[Result "0-1"]
[WhiteElo "2445"]
[BlackElo "2505"]

1.d4 Nf6 2.c4 e6 3.Nc3 Bb4 4.f3 d5 5.a3 Bxc3+ 6.bxc3 c5 7.cxd5 Nxd5 8.Qd2 Nc6
9.e4 Nb6 10.dxc5 Nd7 11.Bb5 O-O 12.Ne2 Nxc5 13.Rb1 Qc7 14.Qg5 Ne5 15.Nf4 f5
16.O-O fxe4 17.Be3 exf3 18.Bd4 Rf5 19.Qg3 Ne4 20.Qh4 Ng5 21.Rbe1 fxg2 22.Kxg2 b6
23.Nd5 Bb7 24.Rxf5 Bxd5+ 25.Kg3 Ng6+ 26.Be5 Nxe5 27.Rfxe5 Nf3 28.Qf4 Rf8  0-1

[Event "Prague DDM-B"]
[Site "Prague"]
[Date "1992.??.??"]
[Round "10"]
[White "Touzane, Olivier"]
[Black "Tichy, Vladimir"]
[Result "1/2-1/2"]
[WhiteElo "2205"]
[BlackElo "2395"]

1.d4 Nf6 2.c4 e6 3.Nc3 Bb4 4.f3 d5 5.a3 Bxc3+ 6.bxc3 c5 7.cxd5 Nxd5 8.Qd3 cxd4
9.cxd4 b6 10.e4 Ba6 11.Qb3 Bxf1 12.Kxf1 Ne7 13.Ne2 Nbc6 14.Bg5 O-O 15.Rd1 Qd7
16.Qa4 f6 17.Be3 Rad8 18.Kf2 Na5 19.Qxd7 Rxd7 20.Nf4 Kf7 21.Bd2 Nac6 22.Bc3 Rfd8
23.Ne2 b5 24.Rb1 Rb8 25.Rb3 a5 26.Rhb1 Rdb7 27.Nf4 b4 28.d5 exd5 29.exd5 Na7
30.axb4 a4 31.R3b2 Nb5 32.Bd2 g5 33.d6 Nxd6 34.Nd3 Nc4 35.Ra2 Nd5 36.Nc5 Rb5
37.Nxa4 Ra8 38.Rba1 Nxb4 39.Bxb4 Rxb4 40.Nc5 Rd8 41.Ra7+ Kg6 42.R1a2 Rd6  1/2-1/2